000 01093nam a22002417a 4500
003 OSt
005 20250324153313.0
008 250324b2023 |||||||| |||| 00| 0 eng d
020 _a9781032162997
037 _cTextual
040 _cRTL
_aeng
_dRTL
084 _aS:44 Q7;R3
_qRTL
100 _aHanscomb, Stuart
_9324459
245 _aCritical Thinking: The basics
250 _a2nd
260 _aLondon
_bRoutledge
_c2023
300 _aix, 271 p.
_bIncludes glossary, references & index
520 _aCritical Thinking: The Basics is an accessible and engaging introduction to the field of critical thinking, drawing on philosophy, communication, and psychology. Emphasising its relevance both to academic literacy and to decision-making in a range of contexts, this book introduces and explains the knowledge, methods, and skills needed to identify and avoid poor reasoning, reconstruct and evaluate arguments, and engage constructively in dialogues.
650 _aHumanities
_933641
650 _aPhilosophy
650 _aPsychology
942 _2CC
_n0
_cTB
_hS:44 Q7;R3
999 _c1269210
_d1269210